| 000 | 00438cam a2200169ua 4500 | ||
|---|---|---|---|
| 020 |
_a004 5810 12 5 _c3.50 |
||
| 041 |
_aeng _h |
||
| 082 |
_a634.9 _bCOL/IN |
||
| 100 | _aCollinson, A S . | ||
| 245 |
_aIntroduction to world vegetation / _cA S Collinson. _hTextual Documents |
||
| 260 |
_aLondon : _bGeorge Allen & Unwin Ltd , _c1977. |
||
| 300 | _a201 ; . | ||
| 365 | _a3.50 | ||
| 504 | _a | ||
| 942 | _cBK | ||
| 999 |
_c2804 _d2804 |
||